| 000 | 00656nam a2200253Ia 4500 | ||
|---|---|---|---|
| 003 | OSt | ||
| 005 | 20220912151540.0 | ||
| 006 | a|||||r|||| 00| 0 | ||
| 007 | ta | ||
| 008 | 220909b |||||||| |||| 00| 0 eng d | ||
| 024 | _a24772 | ||
| 037 | _cTextual | ||
| 040 |
_aCSL _beng _cCSL |
||
| 041 | _aeng | ||
| 082 | _aB7:5, M5 | ||
| 100 | _aHayashi Chihiro | ||
| 245 | 0 | _aNonlinear oscillations in physical systems | |
| 260 |
_aPrinceton _bPrinceton University Press _c1985 |
||
| 300 |
_a392p. _ccm. |
||
| 650 | _a Oscillations | ||
| 650 | _aMechanics | ||
| 942 |
_hB7:5, M5 _cTEXL _2CC |
||
| 999 |
_c70999 _d70999 |
||